Записки Академии наук. Т.5, Кн.1 (Запись № 3997424)

Подробности
000 -МАРКЕР
контрольное поле 02489nam2a22003131 4500
001 - ИДЕНТИФИКАТОР ЗАПИСИ
контрольное поле RU\NLR\INFOCOMM6\1000361723
005 - ИДЕНТИФИКАТОР ВЕРСИИ
контрольное поле 20250616232350.0
035 ## - ДРУГИЕ СИСТЕМНЫЕ НОМЕРА
Идентификатор записи (NLR Aleph) 002276041
100 ## - ДАННЫЕ ОБЩЕЙ ОБРАБОТКИ
Данные общей обработки 20031127d1864 |||y0rusy50 ca
101 0# - ЯЗЫК РЕСУРСА
Язык текста, звукозаписи и т.д. русский
102 ## - СТРАНА ПУБЛИКАЦИИ ИЛИ ПРОИЗВОДСТВА
Страна публикации Российская Федерация
105 ## - ПОЛЕ КОДИРОВАННЫХ ДАННЫХ: ТЕКСТОВЫЕ МАТЕРИАЛЫ, МОНОГРАФИЧЕСКИЕ
Кодированные данные о монографическом текстовом документе y |||||||||
200 0# - ЗАГЛАВИЕ И СВЕДЕНИЯ ОБ ОТВЕТСТВЕННОСТИ
Основное заглавие Т.5, Кн.1
210 ## - ПУБЛИКАЦИЯ, РАСПРОСТРАНЕНИЕ И ДР.
Дата издания, распространения и т.д. 1864
Место издания, распространения и т.д. Б. м.
421 #1 - ПРИЛОЖЕНИЕ
Встроенное поле 2001#$aОтчеты Академии наук за 1863 год
-- 309##$aПрипл.
-- 311##$a1864 к т.5
Заглавие Отчеты Академии наук за 1863 год
421 #1 - ПРИЛОЖЕНИЕ
Встроенное поле 2001#$aСлово о полку Игореве по списку, найденному между бумагами императрицы Екатерины
-- 210##$aСпб.$d1864
-- 309##$aПрипл.
-- 311##$a1864 к т.5
Заглавие Слово о полку Игореве по списку, найденному между бумагами императрицы Екатерины
421 #1 - ПРИЛОЖЕНИЕ
Встроенное поле 2001#$aСовременное состояние геологии в России$fГельмерсен Г.П.
-- 700#1$aГельмерсен$bГ.П.
-- 210##$aСпб.$d1864
-- 309##$aПрипл.
-- 311##$a1864 к т.5
Заглавие Современное состояние геологии в России
Автор Гельмерсен, Г.П.
421 #1 - ПРИЛОЖЕНИЕ
Встроенное поле 2001#$aТеория планет$hОтд-ние 2-3$fПеревощиков Д.М.
-- 700#1$aПеревощиков$bД.М.
-- 210##$aСпб.$d1864
-- 309##$aПрипл.
-- 311##$a1864 к т.5
Заглавие Теория планет
Автор Перевощиков, Д.М.
421 #1 - ПРИЛОЖЕНИЕ
Встроенное поле 2001#$aОб ускорениях различных порядков$fСомов О.И.
-- 700#1$aСомов$bО.И.
-- 210##$aСпб.$d1864
-- 309##$aПрипл.
-- 311##$a1864 к т.5
Заглавие Об ускорениях различных порядков
Автор Сомов, О.И.
421 #1 - ПРИЛОЖЕНИЕ
Встроенное поле 2001#$aИспанский народный эпос о Сиде$fБуслаев Ф.И.
-- 700#1$aБуслаев$bФ.И.
-- 210##$aСпб.$d1864
-- 309##$aПрипл.
-- 311##$a1864 к т.5
Заглавие Испанский народный эпос о Сиде
Автор Буслаев, Ф.И.
461 #0 - УРОВЕНЬ НАБОРА
Встроенное поле 001RU\NLR\INFOCOMM6\1000361712
-- 2001#$aЗаписки Академии наук$vТ.5, Кн.1
Системный номер (АБИС) связанной записи 3997372
Автор Академия наук (Петербург)
Место публикации СПб.
Дата публикации 1862-1895
Заглавие Записки Академии наук
Номер тома Т.5, Кн.1
801 #1 - ИСТОЧНИК ЗАПИСИ
Страна Российская Федерация
Организация InfoComm
Дата составления 20031127
801 #0 - ИСТОЧНИК ЗАПИСИ
Страна Российская Федерация
Организация NLR
Правила каталогизации PSBO
852 ## - МЕСТОНАХОЖДЕНИЕ И ШИФР ХРАНЕНИЯ
Идентификатор организации NLR
Шифр хранения (Call Number) 1/447
942 ## - ДОПОЛНИТЕЛЬНЫЕ ЭЛЕМЕНТЫ ЗАПИСИ (АБИС)
Тип экземпляра АБИС Выпуск
980 ## - КОЛЛЕКЦИЯ
Название коллекции Национальная библиография
980 ## - КОЛЛЕКЦИЯ
Название коллекции Русская периодика

Нет доступных экземпляров.